000 00309nam a2200133Ia 4500
008 240624s9999 xx 000 0 und d
041 _aeng
082 _a954 MIT
100 _aMITRA ASHOK
245 _aNOWHERE NATION
260 _c2010
_aLondon
_bPenguin Books India
300 _a240 : p.
365 _cRS
_b25
999 _c17339
_d17339